Score 0/30 Timer 06:00
0 Plays Today
% Correct
Tiger
94.6%
Green
92.7%
Knife
91.8%
Kiwi
91.6%
Spoon
91.4%
Bush
90.5%
Yellow
89.7%
Dish
89.2%
90210
89.1%
Lion
86.7%
Cup
86.4%
Tree
86%
Red
83.9%
Snake
81.3%
42
81.2%
% Correct
8675309
80.2%
Black
79.4%
Squirrel
74.8%
Flower
72.3%
Mountain
71.8%
White
71.4%
Fork
71.4%
Banana
71%
Pineapple
70.7%
Newt
69.6%
24601
66.7%
River
62.9%
Apple
62%
4 8 15 16 23 42
57.9%
Orange
56.3%
Remove Ads.
Support Sporcle.
Get the best of Sporcle when you Go Orange. This ad-free experience offers more features, more stats, and more fun while also helping to support Sporcle. Thank you for becoming a member.

You're not logged in!

Compare scores with friends on all Sporcle quizzes.
OR
Log In

Show Comments

Extras

Top Quizzes Today


Score Distribution

Your Account Isn't Verified!

In order to create a playlist on Sporcle, you need to verify the email address you used during registration. Go to your Sporcle Settings to finish the process.

Report this User

Report this user for behavior that violates our Community Guidelines.

Details: